Proceso intelectual del Uruguay y crítica de su literatura

Guardat en:
Dades bibliogràfiques
Autor principal: Zum Felde, Alberto (Autor)
Format: Llibre
Idioma:espanyol
Publicat: Montevideo Claridad 1941
Col·lecció:Biblioteca de Escritores Uruguayos
Matèries:
Etiquetes: Afegir etiqueta
Sense etiquetes, Sigues el primer a etiquetar aquest registre!

MARC

LEADER 00000nam a2200000 a 4500
001 UCQ7130
003 CL-VaPUC
008 981031e19410000UY |||||||||||||||||spa|d
082 0 4 |a Ur860.9  |b ZUM  |2 21 
100 0 |a Zum Felde, Alberto  |e author  |9 420966 
245 1 0 |a Proceso intelectual del Uruguay y crítica de su literatura 
300 |a 639 p 
942 |c BK 
945 |d 19981031 00:00:00  |a crobeson 
260 |a Montevideo  |b Claridad  |c 1941 
650 0 |a Literatura uruguaya  |9 342815 
650 0 |a Historia y crítica   |9 257407 
583 |a last modification  |c 19981031 00:00:00  |k Rodrigo Vera 
490 0 |a Biblioteca de Escritores Uruguayos 
999 |c 276893  |d 276891 
952 |0 0  |1 0  |4 0  |6 UR_860_900000000000000_ZUM_1941  |7 0  |8 A  |9 314492  |a BIBEDU  |b BIBEDU  |d 2019-11-20  |i 148673K  |o Ur860.9 ZUM 1941  |p 148673K  |r 2019-11-20  |w 2019-11-20  |y BK  |k LIT